02886cam a2200361Ii 450000100190000000500170001900600190003600700150005500800410007002000180011103500260012903500230015503500210017803500300019904000260022904300120025524501170026725000190038426400560040330000400045949000530049950400790055252004650063152010920109658800470218863000380223565000410227370000370231483000540235194200080240595200960241399900150250999110691889530619620260513171016.0m o d | cr cnu||||||||180706s2018 enk ob 001 0 eng d a9780367350680 a(CKB)4100000000774898 a(MiAaPQ)EBC4921844 a(OCoLC)993949352 a(EXLCZ)994100000000774898 aFlBoTFGcFlBoTFGerda aa-ja---00aJapanese management in evolution b: new directions, breaks and emerging practices c/ edited by Tsutomu Nakano. aFirsts edition 1aAbingdon, Oxon ;aNew York, NY :bRoutledge,c2018. a337 pages :billustrations, tables.1 aRoutledge Frontiers of Business Management ;v12 aIncludes bibliographical references at the end of each chapters and index. aMake it inclusive: how responsible marketing works — Make it authentic brand-relevant: social impact — Make it known: eputation impact — Make it count: commercial impact— Solving real problems — Telling real stories — Creating real opportunities — Influencing real policies — Cultivating cultural literacy — Choosing cheerleader, champion, or catalyst — Earning stakeholder buy-in — Getting it wrong the right way — Marketing Index. aJapanese Management in Evolution illustrates the significant changes that have been taking place in Japanese business by focusing on "emerging industries" in the relatively neglected service and "creative" sectors as well as other key industries, and to put those changes in historical perspective by providing an overview of business development since World War II. By employing state-of-the-art research techniques and unconventional innovative approaches in analysing Japanese management – including network and discourse analysis, ethnographic explorations, and more – the book reveals historical developments and in-depth analyses of established and emerging composition of sectors and industries where cultural capital matters. Throughout the book, the common theme conveyed to readers is a consistently strong message that the change is ongoing and the evolution of management style is real in the Japanese context. The book would be of great interest to researchers, academics and practitioners in fields of global management, international management, and Asian capitalism. aDescription based on print version record. 0aMSc International Business926977 0aBusiness ManagementzJapanxHistory. aNakano, Tsutomu,eeditor.924388 0aRoutledge frontiers of business management ;v12. 2lcc 00102lcc4070aTBSbTBSd2024-12-16l0oHD70.J3 NAKpB05988r2024-12-16t1w2024-12-16y1 c4435d4435